[Event "Weekend Open Aprile"]
[Site "Torino ITA"]
[Date "2011.04.29"]
[Round "1"]
[White "Barletta, Mauro"]
[Black "Quartararo, Pierre"]
[Result "1-0"]
[WhiteElo "2265"]
[BlackElo "2014"]
[PlyCount "47"]
[EventDate "2011.04.29"]

1. d4 e6 2. Nc3 d5 3. e4 Nf6 4. Bg5 Be7 5. e5 Nfd7 6. h4 a6 7. Qg4 Kf8 8. Nf3
c5 9. dxc5 Nc6 10. Qf4 Nxc5 11. O-O-O b5 12. Rh3 Ra7 13. Nd4 Nxd4 14. Qxd4 Rc7
15. f4 f6 16. exf6 Bxf6 17. Bxf6 Qxf6 18. f5 Qxd4 19. Rxd4 exf5 20. Nxd5 Rd7
21. Rc3 Kf7 22. Rxc5 Rhd8 23. Rd3 Re8 24. Kd2 1-0

[Event "Weekend Open Aprile"]
[Site "Torino ITA"]
[Date "2011.04.29"]
[Round "1"]
[White "Manni, Stefano"]
[Black "Passerotti, Pierluigi"]
[Result "1/2-1/2"]
[WhiteElo "2016"]
[BlackElo "2285"]
[PlyCount "130"]
[EventDate "2011.04.29"]

1. d4 f5 2. e4 fxe4 3. Nc3 Nf6 4. Bg5 g6 5. Bxf6 exf6 6. Nxe4 d5 7. Nd2 Be6 8.
Ngf3 Nd7 9. Bd3 Bd6 10. c3 Qe7 11. Qe2 Bf7 12. O-O Qxe2 13. Bxe2 O-O-O 14. Nb3
Rhe8 15. Rfe1 Re7 16. Bd3 Rde8 17. Rxe7 Rxe7 18. Re1 c6 19. Rxe7 Bxe7 20. h4 h5
21. Kf1 b6 22. Nc1 c5 23. Ne2 Bd6 24. g3 Nf8 25. Nf4 Kd7 26. Ke2 c4 27. Bc2 b5
28. a3 a5 29. Ke3 Kc6 30. Bd1 Ne6 31. Nxe6 Bxe6 32. Bc2 Bf7 33. Ng1 Bf8 34. f4
b4 35. axb4 axb4 36. cxb4 Kb5 37. Ne2 Bxb4 38. Nc3+ Kc6 39. Bd1 Be7 40. Bc2 Bd8
41. Kf3 Bb6 42. Ke3 Bc7 43. Kf3 Bd8 44. Ke3 Bb6 45. Na4 Ba7 46. Nc3 Bb8 47. Kf3
Bd6 48. Ba4+ Kb6 49. Bd1 Be7 50. Bc2 Kc7 51. Ke3 Kd6 52. Nb5+ Ke6 53. Nc7+ Kd7
54. Nb5 Bd8 55. Nc3 Ke6 56. Na4 Ba5 57. Nc3 Be8 58. Bd1 Bc6 59. Bc2 Kf7 60. Bd1
Bd8 61. f5 Bc7 62. Kf2 Bb6 63. Ke3 Bc7 64. Kf2 Bb6 65. Ke3 Bc7 1/2-1/2

[Event "Weekend Open Aprile"]
[Site "Torino ITA"]
[Date "2011.04.30"]
[Round "2"]
[White "Barbiso, Tiziana"]
[Black "Barletta, Mauro"]
[Result "1/2-1/2"]
[WhiteElo "2024"]
[BlackElo "2265"]
[PlyCount "74"]
[EventDate "2011.04.29"]

1. e4 d5 2. exd5 Qxd5 3. Nc3 Qa5 4. d4 Nf6 5. Bc4 Bg4 6. f3 Bf5 7. g4 Bg6 8. h4
h6 9. Nge2 Nbd7 10. Nf4 e5 11. Nxg6 fxg6 12. Qe2 O-O-O 13. d5 Bb4 14. Bd2 Nb6
15. O-O-O Rhe8 16. a3 Bxc3 17. Bxc3 Qc5 18. Bb5 Nfxd5 19. Bxe8 Nxc3 20. Rxd8+
Kxd8 21. Qd3+ Kxe8 22. Qxc3 Qxc3 23. bxc3 Nc4 24. Re1 Kd7 25. a4 c6 26. Kd1 Kd6
27. Ke2 b5 28. Rd1+ Kc7 29. axb5 cxb5 30. h5 g5 31. Ra1 a5 32. Kd3 Kd6 33. Ke4
Ke6 34. Rd1 Nd6+ 35. Ke3 Nc4+ 36. Ke4 Nd6+ 37. Ke3 Nc4+ 1/2-1/2

[Event "Weekend Open Aprile"]
[Site "Torino ITA"]
[Date "2011.04.30"]
[Round "2"]
[White "Cacinschi, Alexandru"]
[Black "Grinza, Andrea"]
[Result "1-0"]
[WhiteElo "1974"]
[BlackElo "2109"]
[PlyCount "129"]
[EventDate "2011.04.29"]

1. Nf3 Nf6 2. d4 g6 3. Bf4 Bg7 4. e3 d6 5. h3 O-O 6. Bd3 Nbd7 7. e4 e5 8. dxe5
dxe5 9. Be3 Qe7 10. O-O Nc5 11. Bxc5 Qxc5 12. Nc3 c6 13. Qe2 Nh5 14. Qe3 Qe7
15. Rfd1 Nf4 16. Bf1 Bh6 17. Kh2 Kg7 18. Qe1 Qf6 19. Ng1 Bg5 20. g3 Ne6 21.
Nce2 h5 22. h4 Bxh4 23. gxh4 Qxh4+ 24. Bh3 Ng5 25. Rd3 Qxe4 26. f3 Qc4 27. Qc3
Qxc3 28. Nxc3 Nxh3 29. Nxh3 Bf5 30. Rd2 Rfd8 31. Rad1 Rxd2+ 32. Rxd2 Kf6 33.
Nf2 Ke7 34. Nfe4 Rg8 35. Re2 g5 36. Ng3 Ke6 37. Nce4 Bxe4 38. Nxe4 f5 39. Nc5+
Kf6 40. Nd7+ Ke6 41. Nxe5 Kd5 42. Nd3 f4 43. Re7 Kd4 44. Re4+ Kd5 45. c3 c5 46.
Re5+ Kc4 47. Nxc5 g4 48. fxg4 hxg4 49. Nxb7 g3+ 50. Kg2 f3+ 51. Kxf3 g2 52.
Nd6+ Kd3 53. Re3+ Kc2 54. Re2+ Kb1 55. Rxg2 Rf8+ 56. Ke4 Kxa2 57. c4 Kb3 58. c5
Rf1 59. Rd2 Rc1 60. Kd5 Kb4 61. Rd4+ Ka5 62. b4+ Ka6 63. b5+ Ka5 64. Kc6 Rxc5+
65. Kxc5 1-0

[Event "Weekend Open Aprile"]
[Site "Torino ITA"]
[Date "2011.04.30"]
[Round "3"]
[White "Finocchiaro, Gianluca"]
[Black "Barbiso, Tiziana"]
[Result "1/2-1/2"]
[WhiteElo "2132"]
[BlackElo "2024"]
[PlyCount "65"]
[EventDate "2011.04.29"]

1. e4 e6 2. d4 d5 3. c4 dxe4 4. Nc3 Nf6 5. f3 exf3 6. Nxf3 Be7 7. Bd3 b6 8. O-O
Bb7 9. Kh1 c5 10. Be3 cxd4 11. Nxd4 O-O 12. Qc2 Nc6 13. Nxc6 Bxc6 14. Rad1 Qc7
15. Bg5 Ng4 16. Bxh7+ Kh8 17. Bf4 e5 18. Bf5 exf4 19. Bxg4 Rad8 20. Qf5 Kg8 21.
Nd5 Bxd5 22. cxd5 Bd6 23. Bf3 Rfe8 24. Rc1 Qe7 25. h3 Qh4 26. Qg4 Qxg4 27. Bxg4
Be5 28. Rcd1 g6 29. b3 f5 30. Be2 Kg7 31. Bb5 Rh8 32. Rfe1 Kf6 33. Kg1 1/2-1/2

[Event "Weekend Open Aprile"]
[Site "Torino ITA"]
[Date "2011.04.30"]
[Round "3"]
[White "Martin, Tiziano"]
[Black "Passerotti, Pierluigi"]
[Result "0-1"]
[WhiteElo "1936"]
[BlackElo "2285"]
[PlyCount "88"]
[EventDate "2011.04.29"]

1. e4 c5 2. Nf3 e6 3. c3 d5 4. d3 Nc6 5. Qc2 Bd6 6. Be2 Nge7 7. Nbd2 Qc7 8. O-O
O-O 9. Re1 Bd7 10. Nf1 b5 11. Ng3 Rac8 12. Bd1 Rfd8 13. Qe2 Ng6 14. Bb3 Na5 15.
e5 Nxb3 16. axb3 Be7 17. Bg5 f6 18. exf6 gxf6 19. Bh6 a5 20. Nd2 a4 21. bxa4
bxa4 22. Nh5 Qd6 23. Qf3 Kf7 24. Nf4 Bf8 25. Qh5 Bxh6 26. Qxh6 Nxf4 27. Qxh7+
Ke8 28. g3 Rb8 29. gxf4 Qe7 30. Qxe7+ Kxe7 31. Reb1 Rg8+ 32. Kf1 Rg4 33. b3
Rxf4 34. bxa4 Rxb1+ 35. Rxb1 Rxa4 36. Ke2 Kd6 37. Ke3 Rh4 38. Nf3 Rh3 39. d4 e5
40. Rb6+ Bc6 41. dxe5+ fxe5 42. Ke2 e4 43. Ng5 Rxc3 44. h4 Rc2+ 0-1

[Event "Weekend Open Aprile"]
[Site "Torino ITA"]
[Date "2011.05.01"]
[Round "4"]
[White "Cortese, Alessandro"]
[Black "Coqueraut, Jean Dominique"]
[Result "1-0"]
[WhiteElo "1984"]
[BlackElo "1842"]
[PlyCount "107"]
[EventDate "2011.04.29"]

1. d4 d5 2. c4 Nf6 3. cxd5 Nxd5 4. Nf3 e6 5. e4 Bb4+ 6. Bd2 Bxd2+ 7. Qxd2 Nb6
8. Nc3 Bd7 9. Bd3 f6 10. O-O O-O 11. Rac1 a6 12. Rfd1 Qe7 13. d5 e5 14. Bc2 Nc4
15. Qe2 Nd6 16. Na4 Bb5 17. Qe1 b6 18. Bb3 Kh8 19. Rc3 Ra7 20. Rc2 a5 21. Nc3
Ba6 22. a3 Bc8 23. Ba4 Bd7 24. Bxd7 Qxd7 25. Rdc1 b5 26. Nd2 Na6 27. Qe3 Rb7
28. Ne2 Rfb8 29. Rc6 Rb6 30. b3 R8b7 31. R1c2 Ne8 32. Nc1 Nb8 33. R6c5 Na6 34.
Nd3 Rd6 35. Nf3 Qe7 36. Nh4 Qf7 37. Rc6 Nb8 38. Nf5 Rd7 39. Re6 g6 40. Nh6 Qf8
41. Nc5 Rb6 42. Rxb6 cxb6 43. Nxd7 Nxd7 44. Rc8 Kg7 45. Ng4 g5 46. Qh3 Kh8 47.
Qh5 Qxa3 48. Qxe8+ Nf8 49. Qxf8+ Qxf8 50. Rxf8+ Kg7 51. Rb8 a4 52. bxa4 bxa4
53. Rxb6 h5 54. d6 1-0

[Event "Weekend Open Aprile"]
[Site "Torino ITA"]
[Date "2011.05.01"]
[Round "4"]
[White "Passerotti, Pierluigi"]
[Black "Barbiso, Tiziana"]
[Result "1-0"]
[WhiteElo "2285"]
[BlackElo "2024"]
[PlyCount "59"]
[EventDate "2011.04.29"]

1. d4 d5 2. c4 e6 3. Nc3 c6 4. Qb3 Nf6 5. Nf3 Nbd7 6. Bf4 Qb6 7. c5 Qa5 8. a3
Be7 9. h3 O-O 10. e3 b6 11. Qb4 Ne4 12. Qxa5 bxa5 13. Bd3 f5 14. Ne5 Nxe5 15.
Bxe5 Bf6 16. Bc7 Bd8 17. Bh2 Re8 18. O-O Ng5 19. b4 Nf7 20. b5 Bd7 21. Rab1 Bf6
22. bxc6 Bxc6 23. Nb5 Bd8 24. Rfc1 g6 25. Kf1 e5 26. Nd6 Nxd6 27. cxd6 e4 28.
Rxc6 exd3 29. d7 Rf8 30. Bd6 1-0

[Event "Weekend Open Aprile"]
[Site "Torino ITA"]
[Date "2011.05.01"]
[Round "5"]
[White "Ferrari, Alex"]
[Black "Cortese, Alessandro"]
[Result "0-1"]
[WhiteElo "1686"]
[BlackElo "1984"]
[PlyCount "90"]
[EventDate "2011.04.29"]

1. e4 e6 2. d4 d5 3. Nc3 Bb4 4. e5 c5 5. a3 Bxc3+ 6. bxc3 Ne7 7. Qg4 Qc7 8. Bd2
cxd4 9. cxd4 Qxc2 10. Qxg7 Rg8 11. Qf6 Nbc6 12. Nf3 Qe4+ 13. Be3 Bd7 14. Kd2
Qg6 15. Qxg6 Rxg6 16. g3 Na5 17. Rb1 Nec6 18. Bd3 f5 19. exf6 Rxf6 20. Ne5 Nxe5
21. dxe5 Rf7 22. Rhc1 Ba4 23. Rc3 Nc6 24. f4 d4 25. Rc4 dxe3+ 26. Kxe3 Nxe5 27.
fxe5 Bc6 28. Rf4 Ke7 29. Rbf1 Rxf4 30. Rxf4 Rd8 31. Be4 Bxe4 32. Kxe4 Rc8 33.
Kd4 b5 34. Kd3 Rc5 35. Rh4 Rxe5 36. Rxh7+ Kf6 37. Rxa7 Re1 38. Rb7 Ra1 39. Rxb5
Rxa3+ 40. Ke4 Ra4+ 41. Ke3 e5 42. h4 Kf5 43. Rd5 Ra3+ 44. Rd3 Ra4 45. Kf3 e4+
0-1